Compartir: el uso cristiano de los bienes

Na minha lista:
Detalhes bibliográficos
Autor principal: Araújo, Vera (Author)
Formato: Livro
Idioma:espanhol
Publicado em: Buenos Aires Ciudad Nueva 1991
Edição:2a. ed
Colecção:Colección Ideas, 9
Assuntos:
Tags: Adicionar Tag
Sem tags, seja o primeiro a adicionar uma tag!

MARC

LEADER 00000nam a2200000 a 4500
001 UCN3532
003 CL-VaPUC
008 010629e19910000AG |||||||||||||||||spa|d
082 0 4 |a 248.4  |b ARA  |2 21 
100 0 |a Araújo, Vera  |e author  |9 460095 
245 1 0 |a Compartir: el uso cristiano de los bienes 
246 1 3 |a El rol de la economía y el trabajo en una vida nueva 
250 |a 2a. ed 
300 |a 58 p 
942 |c BK 
945 |d 20010629 00:00:00  |a cmena 
260 |a Buenos Aires  |b Ciudad Nueva  |c 1991 
650 0 |a Vida cristiana  |9 258753 
650 0 |a Solidaridad  |9 259208 
650 0 |a Doctrina social de la iglesia  |9 257333 
650 0 |a Moral social   |9 310700 
583 |a last modification  |c 20010629 00:00:00  |k Rodrigo Vera 
490 0 |a Colección Ideas, 9 
999 |c 296379  |d 296377 
952 |0 0  |1 0  |4 0  |6 248_400000000000000_ARA_1991  |7 0  |8 A  |9 350118  |a BIBTEO  |b BIBTEO  |d 2019-11-20  |i 367858K  |o 248.4 ARA 1991  |p 367858K  |r 2025-01-17  |w 2019-11-20  |y BK  |k ICR